000 00654nam a22002297a 4500
003 UA-OsUOA
001 30465
007 ta
008 20041110b un ||||| |||| 00| 0 ukr d
090 _a902
_bА87
942 _cBK
040 _aUA-OsUOA
_brus
_cUA-OsUOA
_dUA-OsUOA
245 _aАрхеологические исследования на Украине 1992 года
_cРед. В.П.Андриенко
300 _a208 с.
955 _a0
041 _arus
080 _a902
260 _aКиїв
_bИнститут археологии Академии наук Украины
_c1993
044 _aRU
650 7 _2UDC
999 _c316877
_d316877